Горелочные устройства и тепловые агрегаты для газообразного топлива: межвузовский научный сборник

গ্রন্থ-পঞ্জীর বিবরন
সংস্থা লেখক: Саратовский политехнический институт (СПИ)
অন্যান্য লেখক: Родин А. К. Артур Константинович (редактор)
ভাষা:রুশ
প্রকাশিত: Саратов, Изд-во СПИ, 1982
বিষয়গুলি:
বিন্যাস: গ্রন্থ
KOHA link:https://koha.lib.tpu.ru/cgi-bin/koha/opac-detail.pl?biblionumber=301085

MARC

LEADER 00000nam0a2200000 4500
001 301085
005 20231102001351.0
020 |a RU  |b 83-6820 
035 |a (RuTPU)RU\TPU\book\326238 
090 |a 301085 
100 |a 20150723d1982 k y0rusy5003 ca 
101 0 |a rus 
102 |a RU 
105 |a a z 001zy 
200 1 |a Горелочные устройства и тепловые агрегаты для газообразного топлива  |e межвузовский научный сборник  |f Саратовский политехнический институт (СПИ) ; под ред. А. К. Родина 
210 |a Саратов  |c Изд-во СПИ  |d 1982 
215 |a 150 с.  |c ил. 
320 |a Библиография в конце статей 
606 |a Газогорелочные устройства  |x Расчет  |2 stltpush  |3 (RuTPU)RU\TPU\subj\33511  |9 55730 
610 1 |a газообразное топливо 
610 1 |a тепловые агрегаты 
610 1 |a промышленные печи 
610 1 |a применение 
675 |a 662.95  |v 3 
702 1 |a Родин  |b А. К.  |g Артур Константинович  |4 340 
712 0 2 |a Саратовский политехнический институт (СПИ)  |c (1960-1992)  |2 stltpush  |3 (RuTPU)RU\TPU\col\283 
801 0 |a RU  |b RuMRKP  |c 19950704  |g psbo 
801 1 |a RU  |b 63413507  |c 20150723 
801 2 |a RU  |b 63413507  |c 20171108  |g RCR 
942 |c BK